LEADER 01252nam a2200289 i 4500 001 000000224032 003 CaOOAMICUS 005 20131024000000.0 008 131024s2008 it u000 u ita u 013 $a202930 020 $a978-88-514-0620-2 040 $aSeMil$bita 100 1 $aZanchi, Giuliano,$c.$0(OLS)http://semarc/name/92399 245 13$aIl destino della bellezza :$bambizioni dell'arte, aspirazioni della fede /$cGiuliano Zanchi. 260 $aMilano :$bÀncora,$c2008. 300 $a135 p. ;$c21 cm. 490 0 $aArTeo 650 4$aCristianesimo e arte.$0(OLS)http://semarc/subject/17246 650 4$aArte - Concezione cristiana.$0(OLS)http://semarc/subject/17247 650 4$aArte e religione.$0(OLS)http://semarc/subject/13441 830 0$aArTeo.$0(OLS)http://semarc/title/20888 850 $aSeMil 852 $aSeMil$W1$xVenegono$y1$m5R I 116$j174378$B174378$CSeMilBibl$Z2$F185697 $81 961 $aOmaggio: Castiglioni don Tommaso 996 $6020$a978-88-514-0620-2$9(OLS)http://semarc/number/224362 996 $6245$aIl destino della bellezza :$bambizioni dell'arte, aspirazioni della fede$9(OLS)http://semarc/title/321170 996 $6260$aMilano :$bÀncora$9(OLS)http://semarc/publisher/29763 LEADER 00924nam a2200217 i 4500 001 000000028899 003 CaOOAMICUS 005 20201222145121.0 008 180830s1969 fr u000 u und u 040 $aSeMil$bita 100 1 $aKahlefeld, Heinrich.$0(OLS)http://semarc/name/13188 245 10$aParaboles et leçons dans l'évangile /$cHeinrich Kahlefeld ; traduit de l'allemand par Georges Bret. 260 $aParis :$bLes Éditions du Cerf,$c1969-1970. 300 $a2 v. ;$c22 cm. 650 4$aBibbia - NT - Parabole.$0(OLS)http://semarc/subject/4616 700 1 $aBret, Georges.$0(OLS)http://semarc/name/13189 774 0 $tTome 1.$kLectio divina $w()64765 830 0$aLectio divina .$0(OLS)http://semarc/title/8 996 $6245$aParaboles et leçons dans l'évangile$9(OLS)http://semarc/title/39222 996 $6260$aParis :$bLes Éditions du Cerf$9(OLS)http://semarc/publisher/29611